Tratado de responsabilidad civil

Gespeichert in:
Bibliographische Detailangaben
1. Verfasser: Reglero Campos, Luis Fernando (VerfasserIn)
Format: Buch
Sprache:Spanisch
Veröffentlicht: Pamplona Aranzadi 2008
Ausgabe:4a. ed
Schriftenreihe:Nuevos Clásicos
Schlagworte:
Tags: Tag hinzufügen
Keine Tags, Fügen Sie den ersten Tag hinzu!

MARC

LEADER 00000nam a2200000 a 4500
001 UCH2745
003 CL-VaPUC
008 090624e20080000SP |||||||||||||||||spa|d
020 |a 9788483558331o.c 
020 |a 9788483558607t.1 
020 |a 9788483558256t.2 
020 |a 9788483558324t.3 
082 0 4 |a 346.02  |b REG  |2 21 
100 0 |a Reglero Campos, Luis Fernando  |e author  |9 537761 
245 1 0 |a Tratado de responsabilidad civil 
250 |a 4a. ed 
300 |a 3 t 
942 |c BK 
945 |d 20090624 00:00:00  |a cmena 
260 |a Pamplona  |b Aranzadi  |c 2008 
500 |a t.1: Parte general 
500 |a t.2: Parte especial, primera 
500 |a t.3: Parte especial, segunda 
650 0 |a Derecho civil  |9 255013 
650 7 |a RESPONSABILIDAD CIVIL  |2 CL-VaPUC  |9 537762 
650 0 |a Daño  |9 383182 
650 0 |a Responsabilidad contractual  |9 256720 
583 |a last modification  |c 20130608 04:27:38  |k Rodrigo Vera 
490 0 |a Nuevos Clásicos 
999 |c 334446  |d 334444 
952 |0 0  |1 0  |4 0  |6 346_020000000000000_REG_2008  |7 0  |8 A  |9 423498  |a BIBDER  |b BIBDER  |d 2019-11-22  |h t.1  |i 4569903  |l 3  |o 346.02 REG 2008  |p 4569903  |r 2023-05-25  |s 2023-05-25  |w 2019-11-22  |y BK  |k DER 
952 |0 0  |1 0  |4 0  |6 346_020000000000000_REG_2008  |7 0  |8 A  |9 423499  |a BIBDER  |b BIBDER  |d 2019-11-22  |h t.2  |i 4569911  |l 1  |o 346.02 REG 2008  |p 4569911  |r 2023-01-25  |s 2022-05-09  |w 2019-11-22  |y BK  |k DER 
952 |0 0  |1 0  |4 0  |6 346_020000000000000_REG_2008  |7 0  |8 A  |9 423500  |a BIBDER  |b BIBDER  |d 2019-11-22  |h t.3  |i 456989K  |o 346.02 REG 2008  |p 456989K  |r 2023-01-25  |w 2019-11-22  |y BK  |k DER